000 00793nam a2200253 a 4500
001 000026128
005 20200930024327.0
008 110301s1986 sp r 000 f spa d
020 _a847517163X
040 _aDO-SdBNP
_bspa
_cBNPHU
041 1 7 _aspa
_heng
082 _annn
_bC549d
100 1 _aChopin, Kate
_d1851-1904.
_953092
240 1 0 _aThe awakening.
245 1 0 _aEl despertar /
_cKatel Chopin ; traducción, prólogo y notas de Olivia de Miguel.
260 _aMadrid :
_bEdiciones Hiperión,
_c1986.
300 _a196 p. ;
_c20 cm.
490 1 _aLibros hiperión
_v92
500 _aIncluye notas al pie de las páginas
534 _aTítulo original:
_tThe awakening.
700 1 _aMiguel, Olivia de,
_etr.
_953093
830 0 _aLibros hiperión ;
_v92
_919923
049 _aBNGR
999 _c25620
_d25620